[Event "1. liga V 18/19, Kromeriz-Gordic"]
[Site ""]
[Date "2018.10.21"]
[Round "1.2"]
[White "Holtman, Teodor"]
[Black "Cvek, Robert"]
[Result "1/2-1/2"]
[WhiteElo "2237"]
[BlackElo "2518"]
[PlyCount "0"]
[WhiteTeam "SK Gordic"]
[BlackTeam "Slavia Kromeriz"]
[EventDate "2018.10.21"]

1. e4 c6 2. Nc3 d5 3. Nf3 Bg4 4. h3 Bxf3 5. Qxf3 Nf6 6.
g3 e6 7. Bg2 Nbd7 8. O-O Bb4 9. a3 Bxc3 10. Qxc3 dxe4 11. Re1 O-O 12. Bxe4 Nxe4
13. Rxe4 Nf6 14. Re1 Nd5 15. Qf3 Ne7 16. c3 Re8 17. d4 Qd5 18. Kg2 a5 19. a4 b5
20. Bf4 f6 21. Bc7 Qxf3+ 22. Kxf3 Nd5 23. Bd6 Nb6 24. axb5 cxb5 25. b3 a4 26.
Bc5 Nd7 27. bxa4 bxa4 28. Ra3 Nxc5 29. dxc5 Ra5 30. Re4 Rxc5 31. Ke3 Rec8 32.
Kd3 Rd5+ 33. Ke3 Rdc5 34. Kd3 Rd5+ 35. Ke3 Rdc5 36. Kd3 Rd5+ 37. Ke3 1/2-1/2

[Event "1. liga V 18/19, Kromeriz-Gordic"]
[Site ""]
[Date "2018.10.21"]
[Round "1.3"]
[White "Lanc, Alois"]
[Black "Kratochvil, Josef"]
[Result "1/2-1/2"]
[WhiteElo "2292"]
[BlackElo "2326"]
[PlyCount "0"]
[WhiteTeam "Slavia Kromeriz"]
[BlackTeam "SK Gordic"]
[EventDate "2018.10.21"]

1. e4 c5 2. Nf3 e6 3. d4 cxd4 4. Nxd4 a6 5. Bd3 Nf6 6. Nc3 Qc7 7. O-O Bc5 8.
Nb3 Be7 9. f4 d6 10. Qf3 Nc6 11. Bd2 Nd7 12. Ne2 Bf6 13. Bc3 Bxc3 14. Nxc3 b5
15. Rae1 Nb4 16. Kh1 Bb7 17. Qg3 Nxd3 18. cxd3 O-O 19. f5 b4 20. Nd1 Nf6 21.
fxe6 fxe6 22. Ne3 Rac8 23. Rc1 Qe7 24. Rxc8 Rxc8 25. Nd4 Rc5 26. h3 Bc8 27. Nb3
Rc7 28. Qf3 Bb7 29. Na5 Ba8 30. Nac4 Qd8 31. Qg3 Ne8 32. b3 Rf7 33. Rxf7 Kxf7
34. Nc2 a5 35. Nd4 e5 36. Nf3 Nf6 37. Qf2 Qc7 38. Qb6 Qxb6 39. Nxb6 Bb7 40. Nc4
Ba6 41. Nxa5 Bxd3 42. Nc6 Bxe4 43. Ng5+ Ke8 44. Nxe4 Nxe4 45. Nxb4 Kd7 46. Kg1
Kc7 47. Kf1 Kb6 48. Nd3 Nc3 49. a4 Ka5 50. Ke1 e4 51. Nc1 Kb4 52. Ne2 Nd5 53.
Nd4 Nf4 1/2-1/2

[Event "1. liga V 18/19, Kromeriz-Gordic"]
[Site ""]
[Date "2018.10.21"]
[Round "1.4"]
[White "Seidl, Stepan"]
[Black "Pastircak, Milan"]
[Result "1/2-1/2"]
[WhiteElo "2185"]
[BlackElo "2288"]
[PlyCount "0"]
[WhiteTeam "SK Gordic"]
[BlackTeam "Slavia Kromeriz"]
[EventDate "2018.10.21"]

1. Nf3 Nf6 2. g3 g6 3. b3 Bg7 4. Bb2 b6 5. Bg2 Bb7 6. O-O O-O 7. d4 c5 8. d5 b5
9. Re1 e6 10. e4 exd5 11. exd5 d6 12. Na3 a6 13. c4 b4 14. Nc2 Nbd7 15. a3 a5
16. a4 Re8 17. Qd3 Qc7 18. Bh3 Rad8 19. Rab1 Bc8 20. Kg2 Nf8 21. Bxc8 Qxc8 22.
Bxf6 Bxf6 23. Rxe8 Rxe8 24. Re1 Nd7 25. Rxe8+ Qxe8 26. Ne3 Qe7 27. Nf1 Kg7 28.
Qe3 Qxe3 29. Nxe3 1/2-1/2

[Event "1. liga V 18/19, Kromeriz-Gordic"]
[Site ""]
[Date "2018.10.21"]
[Round "1.5"]
[White "Mudrak, Josef"]
[Black "Kulovana, Eva"]
[Result "1-0"]
[WhiteElo "2243"]
[BlackElo "2181"]
[PlyCount "0"]
[WhiteTeam "Slavia Kromeriz"]
[BlackTeam "SK Gordic"]
[EventDate "2018.10.21"]

1. d4 d5 2. Nf3 Nf6 3. Bf4 c5 4. e3 Nc6 5. Be2 Qb6 6. Nc3 cxd4 7. Nb5 e5 8.
Nxe5 Bb4+ 9. c3 dxc3 10. bxc3 Ba5 11. Nd6+ Kf8 12. Rb1 Bxc3+ 13. Kf1 Bxe5 14.
Rxb6 axb6 15. Nxc8 Rxc8 16. g3 Bxf4 17. gxf4 Nb8 18. Kg2 Ke7 19. Qb3 Nbd7 20.
Rb1 Rc5 21. Bb5 Rhc8 22. Bxd7 Nxd7 23. Rd1 Nf6 24. Qxb6 R8c7 25. Rd2 h5 26. Rb2
Ne4 27. Qb4 Ke6 28. Qd4 f6 29. Qd1 g6 30. Qd3 Kf7 31. Rb5 f5 32. Rxc5 Rxc5 33.
a4 Nd6 34. Qd4 b6 35. a5 Rxa5 36. Qxb6 Nc4 37. Qb7+ Kg8 38. Kh3 Kf8 39. Kh4 Ra1
40. Qxd5 Na3 41. Kg5 1-0

[Event "1. liga V 18/19, Kromeriz-Gordic"]
[Site ""]
[Date "2018.10.21"]
[Round "1.6"]
[White "Sedlacek, Oldrich"]
[Black "Kapusta, Petr"]
[Result "1-0"]
[WhiteElo "2208"]
[BlackElo "2244"]
[PlyCount "0"]
[WhiteTeam "SK Gordic"]
[BlackTeam "Slavia Kromeriz"]
[EventDate "2018.10.21"]

1. Nf3 Nf6 2. g3 g6 3. Bg2 Bg7 4. d4 d6 5. O-O O-O 6. c4 Nc6 7. Nc3 a6 8. h3
Rb8 9. e4 e5 10. dxe5 Nxe5 11. Nxe5 dxe5 12. Bg5 Be6 13. Qxd8 Rfxd8 14. Nd5
Bxd5 15. cxd5 Rd7 16. h4 h6 17. Bd2 c5 18. Bc3 Ne8 19. b4 c4 20. a4 Nd6 21.
Rfc1 f5 22. f3 Rf8 23. Bd2 Kh7 24. Be3 f4 25. Bf2 g5 26. hxg5 fxg3 27. Bxg3
hxg5 28. Bh3 Rc7 29. Kg2 c3 30. Be1 Rf4 31. Rxc3 Rxc3 32. Bxc3 Nxe4 33. fxe4 g4
34. Bxg4 Rxg4+ 35. Kf3 Rf4+ 36. Ke3 Rh4 37. Kd3 Rh3+ 38. Kc4 b5+ 39. axb5 axb5+
40. Kb3 Bh6 41. Rd1 Kg6 42. d6 Bg5 43. d7 Bd8 44. Rd5 Kf6 45. Kb2 Ke6 46. Rxe5+
Kxd7 47. Rd5+ Kc8 48. Rxb5 Re3 49. e5 Be7 50. Kb3 Re4 51. Rd5 Kc7 52. b5 Kb6
53. Bd4+ Kc7 54. Kc4 Re1 55. Bc3 Rc1 56. Kd4 Kb6 57. Kd3 Rd1+ 58. Ke4 Rxd5 59.
Kxd5 Kxb5 60. Bd4 Ba3 61. Ba7 Bb2 62. e6 Bf6 63. Kd6 Kc4 64. Bb6 Bh4 65. Be3
Kd3 66. Bh6 Ke4 67. Bf8 Kf5 68. Be7 Be1 69. Kd7 Kg6 70. Bf6 Bb4 71. Be5 1-0

[Event "1. liga V 18/19, Kromeriz-Gordic"]
[Site ""]
[Date "2018.10.21"]
[Round "1.7"]
[White "Karlik, Vladimir"]
[Black "Zigo, Viktor"]
[Result "1/2-1/2"]
[WhiteElo "2142"]
[BlackElo "2276"]
[PlyCount "0"]
[WhiteTeam "Slavia Kromeriz"]
[BlackTeam "SK Gordic"]
[EventDate "2018.10.21"]

1. d4 Nf6 2. Nf3 e6 3. Bf4 b6 4. e3 Bb7 5. Nbd2 Be7 6. h3 d6 7. Bd3 c5 8. c3
Nc6 9. O-O O-O 10. Bh2 Re8 11. Qe2 Bf8 12. Rad1 a6 13. a3 cxd4 14. cxd4 b5 15.
Ne4 Na5 16. Nxf6+ Qxf6 17. Nd2 Rac8 18. b4 Nc6 19. Bb1 Qd8 20. Qd3 g6 21. Nf3
Ne7 22. e4 Rc7 23. Bf4 Nc8 24. h4 Nb6 25. h5 Nc4 26. Bc1 f5 27. Qe2 Qa8 28.
hxg6 hxg6 29. Rfe1 Rce7 30. Bg5 Rf7 31. Bc1 Rfe7 1/2-1/2

[Event "1. liga V 18/19, Kromeriz-Gordic"]
[Site ""]
[Date "2018.10.21"]
[Round "1.8"]
[White "Brychta, David"]
[Black "Cagasik, Tomas"]
[Result "0-1"]
[WhiteElo "2144"]
[BlackElo "2166"]
[PlyCount "0"]
[WhiteTeam "SK Gordic"]
[BlackTeam "Slavia Kromeriz"]
[EventDate "2018.10.21"]

1. Nf3 d5 2. c4 c6 3. b3 Bf5 4. Bb2 e6 5. g3 h6 6. Bg2 Nf6 7. O-O Nbd7 8. d3
Be7 9. Nbd2 O-O 10. Rc1 Bh7 11. Rc2 a5 12. a3 Ne8 13. Qa1 Bf6 14. Rfc1 Bxb2 15.
Qxb2 Qf6 16. b4 Qxb2 17. Rxb2 axb4 18. axb4 Nd6 19. Nb3 Ra7 20. cxd5 cxd5 21.
Rc7 Nb6 22. Na5 Rc8 23. Rbc2 Raa8 24. Nd4 Rxc7 25. Rxc7 Rc8 26. Rc5 Ra8 27. f4
Kf8 28. Kf2 Nbc8 29. Rc7 Rb8 30. Bh3 b6 31. Ndc6 Ra8 32. Nb7 Nxb7 33. Rxb7 Ke8
34. Bxe6 fxe6 35. Rxg7 Bf5 36. g4 Kf8 37. Rd7 Bxg4 38. e4 dxe4 39. dxe4 Bh5 40.
Rh7 Be8 41. Rh8+ Kf7 42. Ne5+ Ke7 43. Rh7+ Kd8 44. Rxh6 Nd6 45. Rxe6 Ra2+ 46.
Ke3 Ra3+ 47. Kd2 Nxe4+ 48. Kc2 Ba4+ 49. Kc1 Nc3 50. Nc4 Ne2+ 51. Kd2 Ra2+ 52.
Ke3 Bb3 53. Rc6 b5 54. Nd2 Bd1 55. Ne4 Ba4 56. f5 Ng1 57. h4 Re2+ 58. Kf4 Nh3+
59. Kf3 Ng1+ 60. Kf4 Rh2 61. Kg3 Rh3+ 62. Kg4 Bd1+ 63. Kg5 Nf3+ 64. Kf6 Rxh4
65. Rd6+ Ke8 66. Rxd1 Rxe4 67. Rd3 Ne5 68. Rb3 Kd7 69. Rb2 Nc6 70. Rd2+ Kc7 71.
Kg5 Nxb4 72. f6 Re1 73. Rf2 0-1

[Event "1. liga V 18/19, Litovel-Hostalkova"]
[Site ""]
[Date "2018.10.21"]
[Round "1.1"]
[White "Belunek, Vladimir"]
[Black "Ponizil, Cyril"]
[Result "0-1"]
[WhiteElo "2206"]
[BlackElo "2494"]
[PlyCount "0"]
[WhiteTeam "TJ Tatran Litovel"]
[BlackTeam "Sachy Hostalkova"]
[EventDate "2018.10.21"]

1. d4 Nf6 2. c4 g6 3. Nc3 d5 4. Bf4 c5 5. dxc5 Be6 6. Qa4+ Bd7 7. Qb3 Na6 8.
cxd5 Nxc5 9. Qd1 Bg7 10. f3 b5 11. a3 a5 12. e4 b4 13. axb4 axb4 14. Nb5 O-O
15. Bc7 Qe8 16. Rxa8 Qxa8 17. Be5 Rc8 18. b3 Qa2 19. Nd4 Nfxe4 20. fxe4 Bxe5
21. Ngf3 Nxe4 22. Be2 Nc3 23. Qd2 Qb1+ 24. Bd1 Qe4+ 25. Kf1 Bf4 26. Qe1 Qxe1+
27. Kxe1 Nxd1 28. Ne2 Nb2 0-1

[Event "1. liga V 18/19, Litovel-Hostalkova"]
[Site ""]
[Date "2018.10.21"]
[Round "1.2"]
[White "Motuz, Karol"]
[Black "Vanek, Ladislav"]
[Result "1-0"]
[WhiteElo "2368"]
[BlackElo "2248"]
[PlyCount "0"]
[WhiteTeam "Sachy Hostalkova"]
[BlackTeam "TJ Tatran Litovel"]
[EventDate "2018.10.21"]

1. d4 Nf6 2. c4 e6 3. g3 c5 4. Nf3 cxd4 5. Nxd4 Nc6 6. Bg2 Bb4+ 7. Nc3 Qa5 8.
O-O O-O 9. Nb3 Qh5 10. Bf4 Bxc3 11. bxc3 d5 12. cxd5 exd5 13. Re1 Bh3 14. Nd4
Bxg2 15. Kxg2 Rac8 16. Nf3 Ne4 17. Qd3 Rfd8 18. Rab1 b6 19. Rb5 Nc5 20. Qc2 Ne6
21. Be3 Ne5 22. Rd1 Nc4 23. Bc1 a6 24. Rb4 Qg6 25. Qxg6 hxg6 26. Nd2 b5 27.
Nxc4 Rxc4 28. Rxc4 dxc4 29. Rxd8+ Nxd8 30. Kf3 f5 31. g4 Nc6 32. e4 Ne7 1-0

[Event "1. liga V 18/19, Litovel-Hostalkova"]
[Site ""]
[Date "2018.10.21"]
[Round "1.3"]
[White "Strasil, Pavel"]
[Black "Pala, Vladimir"]
[Result "1/2-1/2"]
[WhiteElo "2031"]
[BlackElo "2237"]
[PlyCount "0"]
[WhiteTeam "TJ Tatran Litovel"]
[BlackTeam "Sachy Hostalkova"]
[EventDate "2018.10.21"]

1. d4 g6 2. c4 Bg7 3. Nc3 d6 4. e4 e5 5. d5 Ne7 6. g3 O-O 7. Bg2 Nd7 8. Nge2 f5
9. O-O Nf6 10. f3 h6 11. Be3 fxe4 12. fxe4 b6 1/2-1/2

[Event "1. liga V 18/19, Litovel-Hostalkova"]
[Site ""]
[Date "2018.10.21"]
[Round "1.4"]
[White "Kula, Dominik"]
[Black "Mohapl, Petr"]
[Result "1-0"]
[WhiteElo "2206"]
[BlackElo "2053"]
[PlyCount "0"]
[WhiteTeam "Sachy Hostalkova"]
[BlackTeam "TJ Tatran Litovel"]
[EventDate "2018.10.21"]

1. e4 c6 2. d4 d5 3. Nd2 dxe4 4. Nxe4 Nd7 5. Nf3 Ngf6 6. Qe2 Nxe4 7. Qxe4 Nf6
8. Qd3 g6 9. Qb3 Qb6 10. Bc4 Qxb3 11. Bxb3 Bf5 12. Ne5 Nd5 13. Bd2 f6 14. Nc4
O-O-O 15. a4 Nc7 16. c3 Be6 17. Bf4 Bd5 18. O-O g5 19. Bg3 h5 20. h3 h4 21. Bh2
g4 22. hxg4 h3 23. f3 hxg2 24. Kxg2 Bh6 25. Bxc7 Kxc7 26. Na5 Rhg8 27. Bxd5
Rxd5 28. Nb3 f5 29. Kg3 Rd6 30. Rae1 Rdg6 31. Rxe7+ Kc8 32. Nc5 fxg4 33. f4 Rh8
34. Rfe1 Rf6 35. Re8+ Rxe8 36. Rxe8+ Kc7 37. Re7+ Kc8 38. Kxg4 Bxf4 39. Rxb7
Bc1 40. b4 Bd2 41. Rxa7 Rf1 42. b5 1-0

[Event "1. liga V 18/19, Litovel-Hostalkova"]
[Site ""]
[Date "2018.10.21"]
[Round "1.5"]
[White "Krejci st., Jan"]
[Black "Krejca, Jakub"]
[Result "0-1"]
[WhiteElo "2116"]
[BlackElo "2141"]
[PlyCount "0"]
[WhiteTeam "TJ Tatran Litovel"]
[BlackTeam "Sachy Hostalkova"]
[EventDate "2018.10.21"]

1. Nf3 d5 2. c4 e6 3. g3 Nf6 4. Bg2 Be7 5. O-O O-O 6. b3 c5 7. e3 Nc6 8. Bb2 b6
9. cxd5 Nxd5 10. d4 Ba6 11. Re1 cxd4 12. Nxd4 Nxd4 13. Bxd4 Rc8 14. Nd2 Nc3 15.
Qg4 Bf6 16. Bxf6 Qxf6 17. Ne4 Ne2+ 18. Qxe2 Qxa1 19. Qd2 Qe5 20. f4 Qc7 21. Qb2
Rfd8 22. Ng5 Qc3 23. Qb1 Bd3 24. Qd1 Bg6 25. Qe2 Rd2 26. Qa6 Rxa2 0-1

[Event "1. liga V 18/19, Litovel-Hostalkova"]
[Site ""]
[Date "2018.10.21"]
[Round "1.6"]
[White "Malcanek, Jan"]
[Black "Neoral, Antonin"]
[Result "0-1"]
[WhiteElo "2129"]
[BlackElo "2115"]
[PlyCount "0"]
[WhiteTeam "Sachy Hostalkova"]
[BlackTeam "TJ Tatran Litovel"]
[EventDate "2018.10.21"]

1. c4 e5 2. Nc3 Bb4 3. Nf3 Bxc3 4. dxc3 Nc6 5. e4 h6 6. g3 Nf6 7. Qc2 d6 8. Bg2
Be6 9. b3 O-O 10. h3 Qd7 11. Be3 a6 12. g4 b5 13. cxb5 axb5 14. Rd1 Ra5 15. Bc1
b4 16. g5 hxg5 17. Bxg5 Nh7 18. Rc1 Rfa8 19. cxb4 Nxb4 20. Qd2 Nxa2 21. Rb1 f5
22. O-O fxe4 23. Nh2 d5 24. h4 c5 25. f3 d4 26. fxe4 Nc3 27. Rb2 Ra2 28. Rf2
Rxb2 29. Qxb2 Nd1 30. Qc2 Nxf2 31. Kxf2 Nxg5 32. hxg5 d3 0-1

[Event "1. liga V 18/19, Litovel-Hostalkova"]
[Site ""]
[Date "2018.10.21"]
[Round "1.7"]
[White "Svancara, Petr"]
[Black "Hodovsky, Jiri"]
[Result "1-0"]
[WhiteElo "2145"]
[BlackElo "2137"]
[PlyCount "0"]
[WhiteTeam "TJ Tatran Litovel"]
[BlackTeam "Sachy Hostalkova"]
[EventDate "2018.10.21"]

1. Nf3 Nf6 2. c4 e6 3. d4 d5 4. Nc3 c6 5. g3 dxc4 6. Bg2 Be7 7. O-O O-O 8. Ne5
Nbd7 9. Nxc4 Nb6 10. Ne5 Nbd5 11. e4 Nxc3 12. bxc3 c5 13. Be3 Nd7 14. Nxd7 Bxd7
15. Qb3 cxd4 16. cxd4 b5 17. f4 Qa5 18. Rac1 Rac8 19. e5 Ba3 20. Rc2 Rxc2 21.
Qxc2 Rc8 22. Qf2 Qa4 23. d5 Rc2 24. Qf3 Rc3 25. dxe6 Bxe6 26. f5 Bd7 27. e6 Bc6
28. exf7+ Kh8 29. Qd1 Qa5 30. Bxc6 Rxe3 31. Qd7 Qb4 32. Qe8+ Qf8 33. Kh1 Rc3
34. Rd1 Rxc6 35. Qxc6 Qxf7 36. Qxb5 h5 37. Rd8+ Kh7 38. Qd5 Qc7 39. Kg2 Qe7 40.
Qg8+ Kh6 41. Qe6+ 1-0

[Event "1. liga V 18/19, Litovel-Hostalkova"]
[Site ""]
[Date "2018.10.21"]
[Round "1.8"]
[White "Plsek, Pavel"]
[Black "Gerych, Jan"]
[Result "0-1"]
[WhiteElo "1945"]
[BlackElo "1982"]
[PlyCount "0"]
[WhiteTeam "Sachy Hostalkova"]
[BlackTeam "TJ Tatran Litovel"]
[EventDate "2018.10.21"]

1. d3 d5 2. c4 c6 3. cxd5 cxd5 4. Nf3 Nc6 5. g3 Bg4 6. Bg2 Nf6 7. O-O e6 8. Bg5
Be7 9. Nc3 O-O 10. Qa4 Bxf3 11. Bxf3 a6 12. Bxf6 Bxf6 13. Bg2 b5 14. Qg4 Rc8
15. a3 Na5 16. d4 Nc4 17. Nd1 Nd2 18. Re1 Nb3 19. Rb1 Bxd4 20. e3 Bf6 21. Qb4
Nc5 22. Qd2 Ne4 23. Qd3 Nc5 24. Qd2 Nb3 25. Qd3 Nc1 26. Qd2 Qc7 27. Nc3 Nb3 28.
Qd1 Bxc3 29. bxc3 Nc5 30. e4 dxe4 31. Bxe4 Nxe4 32. Rxe4 Qxc3 33. Re3 Qc2 34.
Qxc2 Rxc2 35. Rd1 Rfc8 36. Rd6 R2c6 37. Rd7 Kf8 38. Rf3 f6 39. Re3 e5 40. g4 h6
41. Ra7 R8c7 42. Ra8+ Kf7 43. Kg2 Rd7 44. h3 Kg6 45. h4 Rd4 46. Kg3 h5 47.
gxh5+ Kxh5 48. Rh8+ Kg6 49. Kh3 Rc1 50. Rg3+ Kf7 51. Kg2 Rdd1 52. Ra8 Rg1+ 53.
Kh3 Rxg3+ 54. fxg3 Rc6 55. Kg2 Ke6 56. Kf3 Rc3+ 0-1

[Event "1. liga V 18/19, Ostrava-SM"]
[Site ""]
[Date "2018.10.21"]
[Round "1.1"]
[White "Caletka, Radomir"]
[Black "Babula, Vlastimil"]
[Result "0-1"]
[WhiteElo "2305"]
[BlackElo "2522"]
[PlyCount "0"]
[WhiteTeam "TJ Ostrava"]
[BlackTeam "SK Stare Mesto"]
[EventDate "2018.10.21"]

1. e4 c5 2. Nf3 e6 3. g3 d5 4. exd5 exd5 5. d4 Nf6 6. Bg2 Nc6 7. O-O Be7 8. Nc3
O-O 9. dxc5 Bxc5 10. a3 a6 11. Bg5 Be6 12. Qd3 Be7 13. Rfe1 h6 14. Bf4 Rc8 15.
Ne5 Bc5 16. Qd2 Nxe5 17. Bxe5 Ng4 18. Bd4 Bxd4 19. Qxd4 Rc4 20. Qd2 Qb6 21. h3
Qxb2 22. hxg4 Qxc3 23. Qxc3 Rxc3 0-1

[Event "1. liga V 18/19, Ostrava-SM"]
[Site ""]
[Date "2018.10.21"]
[Round "1.3"]
[White "Malik, Jan"]
[Black "Skalsky, Alexandr"]
[Result "1/2-1/2"]
[WhiteElo "2300"]
[BlackElo "2240"]
[PlyCount "0"]
[WhiteTeam "TJ Ostrava"]
[BlackTeam "SK Stare Mesto"]
[EventDate "2018.10.21"]

1. e4 c5 2. Nf3 g6 3. d4 cxd4 4. Nxd4 Nc6 5. Nc3 Bg7 6. Be3 Nf6 7. Bc4 O-O 8.
Bb3 Re8 9. O-O d6 10. h3 Na5 11. Qd2 a6 12. Rae1 b5 13. Bh6 Bxh6 14. Qxh6 e5
15. Nf3 Nxb3 16. axb3 Qe7 17. b4 Bb7 18. Re3 Nh5 19. Rd1 Red8 20. Nd5 Bxd5 21.
Rxd5 Nf4 22. Rd1 a5 23. bxa5 Rxa5 24. g3 Ne6 25. b4 Ra2 26. c3 Rc8 27. Red3 Rc6
28. h4 Qa7 29. R1d2 1/2-1/2

[Event "1. liga V 18/19, Ostrava-SM"]
[Site ""]
[Date "2018.10.21"]
[Round "1.4"]
[White "Husek, Martin"]
[Black "Michenka, Jozef"]
[Result "0-1"]
[WhiteElo "2134"]
[BlackElo "2278"]
[PlyCount "0"]
[WhiteTeam "SK Stare Mesto"]
[BlackTeam "TJ Ostrava"]
[EventDate "2018.10.21"]

1. e4 c5 2. Nf3 d6 3. d4 cxd4 4. Nxd4 Nf6 5. Nc3 a6 6. Bg5 e6 7. f4 Be7 8. Qf3
Nc6 9. Nxc6 bxc6 10. e5 Nd5 11. Bxe7 Qxe7 12. Qg3 O-O 13. O-O-O Rb8 14. a3 Qb7
15. b3 Qe7 16. Kb2 a5 17. Na4 dxe5 18. fxe5 c5 19. Qf2 Nb6 20. Nxb6 Rxb6 21. a4
Qc7 22. Qe3 Bd7 23. Ka2 Rfb8 24. Qd2 Be8 25. Qxa5 Qxe5 26. Bb5 Qc7 27. Bxe8
Rxe8 28. Rd3 c4 29. Rc3 cxb3+ 30. cxb3 Qb7 31. Rhc1 Ra6 32. Qg5 h6 33. Qg3 Qd5
34. Kb2 e5 35. Rd3 Qb7 36. Rc4 Rg6 37. Qe3 Rxg2+ 38. Rd2 Rxd2+ 39. Qxd2 e4 40.
Qe3 Qd5 41. Rc5 Qd6 42. h3 Qe6 43. a5 Rd8 44. Qf4 Re8 45. Qe3 f5 46. a6 Qf6+
47. Qc3 Qxc3+ 48. Rxc3 e3 49. a7 e2 50. Re3 Rxe3 51. a8=Q+ Kh7 52. Qa5 e1=Q 53.
Qxf5+ Kg8 0-1

[Event "1. liga V 18/19, Ostrava-SM"]
[Site ""]
[Date "2018.10.21"]
[Round "1.5"]
[White "Mrva, Marek"]
[Black "Mrkus, Frantisek"]
[Result "0-1"]
[WhiteElo "2148"]
[BlackElo "2163"]
[PlyCount "0"]
[WhiteTeam "TJ Ostrava"]
[BlackTeam "SK Stare Mesto"]
[EventDate "2018.10.21"]

1. e4 e5 2. Nf3 Nc6 3. Bb5 a6 4. Ba4 Nf6 5. O-O Be7 6. Re1 b5 7. Bb3 d6 8. c3
O-O 9. d4 Bg4 10. Be3 exd4 11. cxd4 Na5 12. Bc2 c5 13. Nbd2 Nc6 14. d5 Ne5 15.
h3 Bh5 16. g4 Nxf3+ 17. Qxf3 Bg6 18. Rac1 Rc8 19. Nf1 Nd7 20. Qe2 h6 21. Ng3
Bg5 22. f4 Bh4 23. Qf3 Qf6 24. b3 Rfe8 25. Bf2 Qb2 26. Bb1 c4 27. Rc2 Qa1 28.
Rce2 cxb3 29. axb3 Qc3 30. Re3 Qb2 31. R3e2 Rc3 32. Re3 Rec8 33. Ne2 Bxf2+ 34.
Kxf2 Rxe3 35. Qxe3 f6 36. h4 Nc5 37. Rc1 Re8 38. f5 Bf7 39. g5 Bh5 40. gxh6
Bxe2 41. hxg7 Bd3+ 42. Kg1 Rxe4 0-1

[Event "1. liga V 18/19, Ostrava-SM"]
[Site ""]
[Date "2018.10.21"]
[Round "1.6"]
[White "Bazant, Petr"]
[Black "Splichal, Stanislav"]
[Result "1-0"]
[WhiteElo "2223"]
[BlackElo "2154"]
[PlyCount "0"]
[WhiteTeam "SK Stare Mesto"]
[BlackTeam "TJ Ostrava"]
[EventDate "2018.10.21"]

1. d4 Nf6 2. c4 e6 3. Nf3 d5 4. Nc3 Be7 5. Qc2 O-O 6. e4 dxe4 7. Nxe4 Nxe4 8.
Qxe4 Bb4+ 9. Bd2 Bxd2+ 10. Nxd2 c5 11. dxc5 Na6 12. Bd3 f5 13. Qe3 Nxc5 14. Bc2
b6 15. b4 Qf6 16. O-O Nd7 17. Rad1 Bb7 18. Nf3 Rad8 19. Nd4 Rfe8 20. Ba4 e5 21.
Nb3 Bc6 22. Bxc6 Qxc6 23. c5 bxc5 24. bxc5 e4 25. Rd6 Qc7 26. Qg5 Rc8 27. Qxf5
Nf6 28. h3 Qe7 29. Re1 Qf7 30. c6 Qc4 31. Qc5 Qf7 32. Qd4 a5 33. Nxa5 Ra8 34.
Qb4 Nd5 35. Qc5 Nf4 36. Rd7 Qg6 37. g3 Nxh3+ 38. Kh2 Qh6 39. Kg2 Ng5 40. Qd5+
Kh8 41. Rh1 Qf6 42. c7 Rxa5 43. Rd8 Rf8 44. Rxf8+ Qxf8 45. c8=Q Qxc8 46. Qxa5
1-0

[Event "1. liga V 18/19, Ostrava-SM"]
[Site ""]
[Date "2018.10.21"]
[Round "1.7"]
[White "Hladik, Oto"]
[Black "Vrana, Frantisek"]
[Result "0-1"]
[WhiteElo "2163"]
[BlackElo "2252"]
[PlyCount "0"]
[WhiteTeam "TJ Ostrava"]
[BlackTeam "SK Stare Mesto"]
[EventDate "2018.10.21"]

1. e4 e6 2. d4 d5 3. Nd2 Nc6 4. Ngf3 Nf6 5. e5 Nd7 6. Bb5 f6 7. O-O fxe5 8.
dxe5 a6 9. Bxc6 bxc6 10. c4 Be7 11. Re1 O-O 12. Nb3 Qe8 13. Nfd4 dxc4 14. Na5
Bb4 15. Bd2 Bxa5 16. Bxa5 c5 17. Nc2 Nb6 18. Qe2 Bb7 19. Ne3 Rf4 20. Rac1 Qg6
21. Bxb6 cxb6 22. Rxc4 Bf3 23. Qf1 Be4 24. Rd1 Raf8 25. b4 cxb4 26. Rxb4 b5 27.
Rbd4 Qg5 28. g3 Rxf2 29. Qxf2 Rxf2 30. Kxf2 Qxe5 31. Ng2 Bxg2 32. Kxg2 Qe2+ 33.
Kh3 Qxa2 34. Rd8+ Kf7 35. R8d7+ Kg6 36. R1d4 h5 37. g4 Qf2 38. gxh5+ Kxh5 39.
Rg4 g5 40. Rg7 Qf3+ 41. Rg3 Qf1+ 42. Rg2 Qf5+ 0-1

[Event "1. liga V 18/19, Ostrava-SM"]
[Site ""]
[Date "2018.10.21"]
[Round "1.8"]
[White "Horsak, Jan"]
[Black "Vesely, Martin"]
[Result "1/2-1/2"]
[WhiteElo "2031"]
[BlackElo "2074"]
[PlyCount "0"]
[WhiteTeam "SK Stare Mesto"]
[BlackTeam "TJ Ostrava"]
[EventDate "2018.10.21"]

1. c4 Nf6 2. g3 g6 3. Bg2 Bg7 4. Nc3 d6 5. d3 O-O 6. Bg5 c6 7. Qd2 Nbd7 8. Rb1
Qb6 9. Be3 Qa5 10. b4 Qc7 11. Bh6 Re8 12. Bxg7 Kxg7 13. Nf3 e5 14. O-O h6 15.
Qc2 a5 16. b5 c5 17. Nd2 Nb6 18. Rbe1 Be6 19. e4 Qd7 20. f4 exf4 21. gxf4 Bh3
22. f5 Bxg2 23. Kxg2 Re7 24. Qb2 g5 25. Nd5 Nbxd5 26. cxd5 Ree8 27. Nc4 Qd8 28.
h4 g4 29. Rf4 Kh7 30. Ref1 Rg8 31. Rh1 Nh5 32. Rff1 a4 33. Qd2 Qf6 34. Rb1 Rad8
35. Rbc1 Qd4 36. Rhf1 Qf6 37. Rh1 Qd4 38. Rhf1 Qf6 1/2-1/2

[Event "1. liga V 18/19, Jundrov-SM"]
[Site ""]
[Date "2018.11.11"]
[Round "2.1"]
[White "Novosadova, Kristyna"]
[Black "Kanovsky, David"]
[Result "0-1"]
[WhiteElo "2234"]
[BlackElo "2413"]
[PlyCount "0"]
[WhiteTeam "Jezdci Jundrov"]
[BlackTeam "SK Stare Mesto"]
[EventDate "2018.10.21"]

1. g3 c5 2. Bg2 Nc6 3. c4 g6 4. Nc3 Bg7 5. Nf3 e5 6. a3 a5 7. d3 d6 8. h4 h6 9.
Rb1 Nge7 10. Bd2 Bg4 11. Nh2 Be6 12. e4 f5 13. Nd5 O-O 14. Qc1 Kh7 15. Nf3 Nd4
16. Nxd4 cxd4 17. b4 a4 18. f4 fxe4 19. dxe4 Rc8 20. h5 exf4 21. Nxe7 Qxe7 22.
hxg6+ Kxg6 23. Bxf4 Rxc4 24. Qd1 Kh7 25. Qd2 Qf6 26. Bf1 Rc3 27. Bd3 Qg6 28.
Rd1 Rxf4 29. gxf4 Qg3+ 30. Qf2 Rxd3 31. Qxg3 Rxg3 32. Kf2 Rxa3 33. Rc1 Rc3 0-1

[Event "1. liga V 18/19, Jundrov-SM"]
[Site ""]
[Date "2018.11.11"]
[Round "2.2"]
[White "Sosna, Jan"]
[Black "Musil, Jiri"]
[Result "0-1"]
[WhiteElo "2352"]
[BlackElo "2185"]
[PlyCount "0"]
[WhiteTeam "SK Stare Mesto"]
[BlackTeam "Jezdci Jundrov"]
[EventDate "2018.10.21"]

1. d4 Nf6 2. Nf3 e6 3. Bg5 d5 4. e3 Nbd7 5. Nbd2 c5 6. Be2 Be7 7. O-O O-O 8. c3
b6 9. a4 Bb7 10. a5 a6 11. axb6 Qxb6 12. Ne5 Rfd8 13. Ra2 a5 14. Qc2 h6 15. Bh4
cxd4 16. exd4 g5 17. Bg3 Nxe5 18. Bxe5 Nd7 19. Bg3 Rdc8 20. Qd1 f5 21. f3 e5
22. Bf2 e4 23. fxe4 dxe4 24. Nc4 Qe6 25. Rxa5 e3 26. Bg3 Rxc4 27. Raxf5 Rcc8
28. d5 Qb6 29. Rf7 Rf8 30. Rxe7 Qxb2 31. Qd4 Nf6 32. Rxf6 Ra1+ 0-1

[Event "1. liga V 18/19, Jundrov-SM"]
[Site ""]
[Date "2018.11.11"]
[Round "2.3"]
[White "Hosek, Martin"]
[Black "Bazant, Petr"]
[Result "0-1"]
[WhiteElo "2141"]
[BlackElo "2299"]
[PlyCount "0"]
[WhiteTeam "Jezdci Jundrov"]
[BlackTeam "SK Stare Mesto"]
[EventDate "2018.10.21"]

1. d4 d5 2. c4 e6 3. Nc3 Nf6 4. Bg5 Be7 5. Nf3 O-O 6. e3 b6 7. cxd5 exd5 8. Bd3
Bb7 9. Qc2 h6 10. Bh4 Na6 11. a3 c6 12. O-O Nc7 13. b4 Ne6 14. Rfd1 Nh5 15.
Bxe7 Qxe7 16. Rac1 Nf6 17. e4 dxe4 18. Nxe4 Nf4 19. Nxf6+ Qxf6 20. Be4 Rac8 21.
Ne5 Rfd8 22. g3 Nh3+ 23. Kf1 Rc7 24. Rd2 Ng5 25. Bg2 Ne6 26. Qb2 c5 27. Bxb7
Nxd4 28. Nxf7 Rxf7 29. Bg2 Re7 30. bxc5 bxc5 31. Rxd4 Qa6+ 0-1